| 000 | 00502nam a22001937a 4500 | ||
|---|---|---|---|
| 003 | OSt | ||
| 005 | 20180116182954.0 | ||
| 008 | 140401b xxu||||| |||| 00| 0 eng d | ||
| 020 | _a9780415989756 | ||
| 022 | _a0415989752 | ||
| 040 | _c0 | ||
| 082 | _a302.23 CAR 2008 | ||
| 100 | _aCarey 'James W. | ||
| 245 |
_aCommunication as Culture _bEssays on Media and Society. |
||
| 260 |
_aNew York _bRoutledge _c2008 |
||
| 500 | _aHard Cover | ||
| 700 | _4Carey 'James W. | ||
| 942 |
_2ddc _cBK _k302.23 CAR |
||
| 999 |
_c349634 _d349634 |
||